00746 a2200193 4500003000500000005001700005040000900022082001000031100003100041245007600072260003100148300001300179500020400192650001400396651001200410942000800422999001900430952010300449Nust20170207171535.0 cNust a005.8 aNoor, Muzzamil (MSIS-10) aAutomated Analysis of Malware-Semantics Based Approach cMuzzamil Noor  aRawalpindibMCS,NUSTc2015 axi, 78 p aIntroduction (Page-1), Literature Review (Page-10), Semantics Based Model for Malware Behavior (Page-30), Evasion Countermeasure (Page-44), Evaluation (Page-55), Conclusion and Future Work (Page-69), aPG Thesis aMSIS-10 cTHS c217182d217182 00102ddc40708NFICaMCSbMCSd2016-12-12l0o005.8 NOOpMCSTIS-194r2016-12-08w2016-12-12yBK